Statistics for 9th Doctor Quotes Quiz

Click here to take the quiz!

General Stats

  • This quiz has been taken 57 times
  • The average score is 10 of 21

Answer Stats

EpisodeQuoteAnswer% Correct
RoseNice to meet you, Rose. ___ for your life!Run
96%
RoseLots of planets have a _____!North
89%
The End of the WorldI give you, in return, ___ ____ __ _____.Air from my lungs
64%
Aliens of LondonDo you mind not _______ while I'm saving the world?Farting
64%
Aliens of LondonNine hundred years of time and space, and I've never been _______ by someone's mother.Slapped
62%
The Parting of the WaysHave a good ____. Do that for me, Rose. Have a fantastic ____.Life
58%
The Unquiet DeadNow I'm gonna die in a dungeon. In _______!Cardiff
53%
The Doctor DancesJust this once. Everybody _____!Lives
53%
Boom TownShe's climbing out the ______ isn't she?Window
53%
The Parting of the WaysYou were _________. Absolutely _________. And you know what, so was I!Fantastic
51%
Boom TownAnd with that sentence, you just lost the right to even ____ to me.Talk
51%
The Empty ChildAnd I wanna find a blonde in a _____ ____ tee. And I mean a specific one, I didn't just wake up this morning with a craving.Union Jack
47%
The Doctor DancesBananas are ____.Good
44%
The End of the WorldWhat are you going to do? __________ me?Moisturise
42%
DalekRid the universe of your _____! Why don't you just die?!Filth
40%
The Doctor DancesThose would have been terrible ____ _____.Last Words
38%
World War ThreeGood. Put her on a slow heat and let her ______!Simmer
38%
Dalek'Cos I know what to do. I know what should happen. I know what you deserve. ___________!Exterminate
27%
The Long GameEat the food, use the wrong verbs, get charged double and end up _______ complete strangers!Kissing
27%
Bad WolfNo! 'Cos this is what I'm gonna do: I'm gonna ______ her!Rescue
27%
Father's DayThe past is another country. 1987's just the ____ __ _____.Isle of Wight
11%

Score Distribution

Percentile by Number Answered

Percent of People with Each Score

Your Score History

You have not taken this quiz